000 00703nam a22002297a 4500
005 20140310183645.0
008 140108b xxu||||| |||| 00| 0 eng d
020 _a9780787970819
050 _aQA 88.1
_b.M987mg 2004
100 _aMuschla, Judith A.
245 _aMath Games :
_b180 reproductive activities to motivate, excite, and challenge students /
_cJudith A. Muschla.
260 _aSan Francisco :
_bJossey- Bass A Wiley Print,
_c2004.
300 _a213 p. :
_c27 cm.
650 _aWhole Numbers
650 _aFractions, Decimals, and Percents
650 _aGeometry
650 _aMeasurements
650 _aAlgebra
700 _aMuschla, Gary
942 _2lcc
_cBK
999 _c25927
_d25927